Get the Picture: Green on the Flag? Quiz Stats

 Plays Quiz Updated May 20, 2019

Score 0/14 Timer 02:00
0 Plays Today
Question Answer Wrong Answers
Italy Green
91.3%
No Green
5.7%
Germany No Green
89.7%
Green
7.3%
Netherlands No Green
87.1%
Green
9.9%
Algeria Green
84.8%
No Green
12.3%
New Zealand No Green
84.3%
Green
12.4%
Argentina No Green
81.6%
Green
15.9%
Iran Green
80.8%
No Green
16.4%
India Green
80%
No Green
17.3%
Sierra Leone Green
75.3%
No Green
21.7%
Bulgaria Green
69.1%
No Green
28.2%
Nepal No Green
68%
Green
29.3%
Honduras No Green
67.4%
Green
29.4%
Bolivia Green
64.5%
No Green
32.8%
Uganda No Green
48%
Green
49.2%

Today's Daily Dose

Missing Word
1940s A-Z

Quick Pick
'S' Athletes

Get the Picture
Depp or Bonham Carter

You're not logged in!

Compare scores with friends on all Sporcle quizzes.
OR
Log In

Sporcle TV

Today on Sporcle TV


Watch our educational content, quiz creation guides, and fun videos on Sporcle TV.

Show Comments

Extras

Top Quizzes Today


Score Distribution

Your Account Isn't Verified!

In order to create a playlist on Sporcle, you need to verify the email address you used during registration. Go to your Sporcle Settings to finish the process.

Report this User

Report this user for behavior that violates our Community Guidelines.

Details: